| 000 | 00647nam a2200181Ia 4500 | ||
|---|---|---|---|
| 008 | 100920s9999 xx 000 0 und d | ||
| 082 |
_b82048 _a891.43 न 00 |
||
| 100 | _aनीलाभ. | ||
| 245 | _aशब्दों सें नाता अटूट है. | ||
| 260 |
_bउपासना प्रकाशन, इलाहाबाद. _c2000 |
||
| 300 |
_a135 _bसाधी |
||
| 365 | _b60 | ||
| 520 | _aहिंदी. | ||
| 630 | _aशब्दों सें नाता अटूट है. | ||
| 650 | _aहिंदी. | ||
| 730 | _aशब्दों सें नाता अटूट है. | ||
| 942 | _cBOOK | ||
| 999 |
_c722798 _d722795 |
||